• 首页
  • 本馆介绍
  • 公告通知
  • 最新文献
  • 馆藏检索
  • 电子资源
  • 读者导购
  • 参考咨询
  • 我的图书馆
  • 登录
  • 详细信息显示
  • 放入我的书架
  • 预约/预借图书
  • 作者相关作品
  • 分类相关作品
  • 丛书相关作品
  • 出版社相关作品

书目信息

  • 表格格式
  • 工作单格式
  • 卡片格式
题名:
计算机组成与设计
    
 
作者: 帕特森 , 亨尼斯 著
分册:  
出版信息: 北京   机械工业出版社  2019.07
页数: 565页
开本: 24cm
丛书名: 经典原版书库
单 册:
中图分类: TP303
科图分类:
主题词: 计算机体系结构--ji suan ji ti xi jie gou--英文 , 微型计算机--wei xing ji suan ji--接口技术--英文
电子资源:
ISBN: 978-7-111-63111-8
000 01433nam 2200289 450
001 0109110146
005 20201109110337.0
010    @a978-7-111-63111-8@dCNY229.00
100    @a20190731d2019 em y0chiy50 ea
101 0  @aeng@gchi
102    @aCN@b110000
105    @aa z 001yy
106    @ar
200 1  @a计算机组成与设计@Aji suan ji zu cheng yu she ji@e硬件/软件接口@e英文版·RISC-V版@dComputer organization and design@ethe hardware/software interface@eRISC-V edition@f(美)戴维·A. 帕特森(David A. Patterson), (美)约翰·L. 亨尼斯(John L. Hennessy)著@zeng
210    @a北京@c机械工业出版社@d2019.07
215    @a565页@c图@d24cm
225 2  @a经典原版书库@Ajing dian yuan ban shu ku
330    @a本书采用RISC-V体系结构,讲解硬件技术、汇编语言、计算机算术运算、流水线、存储器层次结构以及I/O的基本原理。内容涵盖平板电脑、云基础设施、ARM(移动计算设备)以及x86(云计算)体系结构,新实例包括IntelCorei7、ARMCortex-A53以及NVIDIAFermiGPU。
461  0 @12001 @a经典原版书库
510 1  @aComputer organization and design@ethe hardware/software interface@eRISC-V edition@zeng
606 0  @a计算机体系结构@Aji suan ji ti xi jie gou@j英文
606 0  @a微型计算机@Awei xing ji suan ji@x接口技术@j英文
690    @aTP303@v5
701  0 @c(美)@a帕特森@Apa te sen@c(Patterson, David A.)@4著
701  0 @c(美)@a亨尼斯@Aheng ni si@c(Hennessy, John L.)@4著
801  0 @aCN@bBJSZM@c20201103
905    @b1213801-2@dTP303@e1142@f2
    
    计算机组成与设计:硬件/软件接口:英文版·RISC-V版=Computer organization and design:the hardware/software interface:RISC-V edition/(美)戴维·A. 帕特森(David A. Patterson), (美)约翰·L. 亨尼斯(John L. Hennessy)著.-北京:机械工业出版社,2019.07
    565页:图;24cm.-(经典原版书库)
    
    
    ISBN 978-7-111-63111-8:CNY229.00
    本书采用RISC-V体系结构,讲解硬件技术、汇编语言、计算机算术运算、流水线、存储器层次结构以及I/O的基本原理。内容涵盖平板电脑、云基础设施、ARM(移动计算设备)以及x86(云计算)体系结构,新实例包括IntelCorei7、ARMCortex-A53以及NVIDIAFermiGPU。
●
相关链接 在E读中查询图书 在五车中查询图书 在当当中查询图书 在豆瓣中查询图书


正题名:计算机组成与设计     索取号:TP303/1142         预约/预借

序号 登录号 条形码 馆藏地/架位号 状态 备注
1 1213801   212138015   第二样本阅览室/ [索取号:TP303/1142] 在馆    
2 1213802   212138024   第三借阅区/ [索取号:TP303/1142] 在馆    
唐山师范学院图书馆 欢迎您!
大连网信软件有限公司© 版权所有